MARC details
| 000 -LEADER |
| fixed length control field |
03732cgm a22005537a 4500 |
| 001 - CONTROL NUMBER |
| control field |
DVD-007585-593 |
| 005 - DATE AND TIME OF LATEST TRANSACTION |
| control field |
20110819104232.0 |
| 006 - FIXED-LENGTH DATA ELEMENTS--ADDITIONAL MATERIAL CHARACTERISTICS--GENERAL INFORMATION |
| fixed length control field |
a|||||s|||||00| 1 |
| 007 - PHYSICAL DESCRIPTION FIXED FIELD--GENERAL INFORMATION |
| fixed length control field |
vd cvaizu |
| 008 - FIXED-LENGTH DATA ELEMENTS--GENERAL INFORMATION |
| fixed length control field |
100929s2010 ii 167 g 00| 0 hin |
| 010 ## - LIBRARY OF CONGRESS CONTROL NUMBER |
| LC control number |
DVD-007585-593 |
| 024 ## - OTHER STANDARD IDENTIFIER |
| Standard number or code |
2897015789 |
| Terms of availability |
199.00 |
| 035 ## - SYSTEM CONTROL NUMBER |
| System control number |
DVD-0075835-593 |
| 040 ## - CATALOGING SOURCE |
| Original cataloging agency |
DPL |
| 082 ## - DEWEY DECIMAL CLASSIFICATION NUMBER |
| Classification number |
DVD DEDA |
| 245 00 - TITLE STATEMENT |
| Title |
De dana dan / |
| Statement of responsibility, etc |
a Venus Records & Tapes Pvt. Ltd. film ; producer, Ganesh Jain, Girish Jain ; screenplay and direction, Priyadarshan. |
| 246 1# - VARYING FORM OF TITLE |
| Display text |
Title appears on title screen as: |
| Title proper/short title |
Ratan Jain's De dana dan |
| 257 ## - COUNTRY OF PRODUCING ENTITY FOR ARCHIVAL FILMS |
| Country of producing entity |
India. |
| 260 ## - PUBLICATION, DISTRIBUTION, ETC. (IMPRINT) |
| Place of publication, distribution, etc |
Mumbai : |
| Name of publisher, distributor, etc |
Eros International Media, |
| Date of publication, distribution, etc |
c2010. |
| 300 ## - PHYSICAL DESCRIPTION |
| Extent |
1 videodisc of 1 (DVD) (ca. 167 min.) : |
| Other physical details |
sd., col. ; |
| Dimensions |
4 3/4 in. |
| Materials specified |
viewing copy. |
| 306 ## - PLAYING TIME |
| Playing time |
ca. 167 min |
| 500 ## - GENERAL NOTE |
| General note |
Copyright notice on container: Eros International Media Ltd. |
| 500 ## - GENERAL NOTE |
| General note |
Originally released theatrically in 2009. |
| 500 ## - GENERAL NOTE |
| General note |
Summary taken from container. |
| 508 ## - CREATION/PRODUCTION CREDITS NOTE |
| Creation/production credits note |
Story, Suresh Krisshnan; lyrics, Sayyid Quadri ... et al. ; music director, Pritam. |
| 511 1# - PARTICIPANT OR PERFORMER NOTE |
| Participant or performer note |
Akshay Kumar, Suneil Shetty, Katrina Kaif, Sameera Reddy. |
| 520 ## - SUMMARY, ETC. |
| Summary, etc |
Nitin and Ram are best friends and are lucky in love, otherwise their life is strife. Both have rich girlfriends, Anjali and Manpreet, and they demand their boyfriends to earn enough money so they can elope or break-up forever. Broke and desperate, Nitin and Ram decide to raise money by kidnapping an employer's dog and collect ransom, but the plans go comically awry. |
| 538 ## - SYSTEM DETAILS NOTE |
| System details note |
NTSC, Anamorphic widescreen, format dual layer, english subtitle |
| 546 ## - LANGUAGE NOTE |
| Language note |
In Hindi with English subtitles. |
| 650 #0 - SUBJECT ADDED ENTRY--TOPICAL TERM |
| Topical term or geographic name as entry element |
Pet theft |
| Form subdivision |
Drama. |
| 9 (RLIN) |
33133 |
| 650 #0 - SUBJECT ADDED ENTRY--TOPICAL TERM |
| Topical term or geographic name as entry element |
Motion picture |
| 9 (RLIN) |
33134 |
| 650 #0 - SUBJECT ADDED ENTRY--TOPICAL TERM |
| Topical term or geographic name as entry element |
Ransom |
| Form subdivision |
Drama. |
| 9 (RLIN) |
33135 |
| 700 0# - ADDED ENTRY--PERSONAL NAME |
| Personal name |
Priyadarshan, |
| Relator term |
direction, |
| -- |
writting. |
| 9 (RLIN) |
33136 |
| 700 1# - ADDED ENTRY--PERSONAL NAME |
| Personal name |
Jain, Ganesh, |
| Relator term |
production. |
| 9 (RLIN) |
33137 |
| 700 0# - ADDED ENTRY--PERSONAL NAME |
| Personal name |
Pritam, |
| Relator term |
music. |
| 9 (RLIN) |
33138 |
| 710 2# - ADDED ENTRY--CORPORATE NAME |
| Corporate name or jurisdiction name as entry element |
Eros International (Firm) |
| 9 (RLIN) |
33139 |
| 942 ## - ADDED ENTRY ELEMENTS (KOHA) |
| Source of classification or shelving scheme |
Dewey Decimal Classification |
| Item type |
CD-ROMs, DVDs, VHS |
| Classification part |
DVD |
| Call number suffix |
DEDA |